HOMENAJE DE MEXICO AL POETA VIRGILIO EN EL SEGUNDO MILENARIO DE SU NACIMIENTO /

Αποθηκεύτηκε σε:
Λεπτομέρειες βιβλιογραφικής εγγραφής
Κύριος συγγραφέας: Herrasti, Francisco de P. (autor)
Μορφή: Βιβλίο
Θέματα:
Ετικέτες: Προσθήκη ετικέτας
Δεν υπάρχουν, Καταχωρήστε ετικέτα πρώτοι!

MARC

LEADER 00000nam^a2200000^a^4500
001 000228911
005 20250521000000.0
009 20260526132232.574
035 |a 047686 
037 |a Acervo Xavier Clavigero 
082 |a 871. 1  |b HER 
100 |a Herrasti, Francisco de P.  |e (autor) 
245 1 0 |a HOMENAJE DE MEXICO AL POETA VIRGILIO EN EL SEGUNDO MILENARIO DE SU NACIMIENTO /  |c FRANCISCO DE P. HERRASTI 
264 |a MEXICO :  |b S/E,  |c 1931 
300 |a 572p. 
336 |a texto  |b txt  |2 rdacontenido 
337 |a sin mediación  |b n  |2 rdamedio 
338 |a volumen  |b nc  |2 rdasoporte 
649 |a XX 
650 |a Virgilio Marón, Publio 
650 |a Escritores Latinos 
650 |a Literatura Latina -  |x Homenajes 
910 |a Fondo General 
920 |a Impresos - Libros 
930 |a Colección General 
940 |a Literatura 
905 |a 101 
901 |a 047686  |b IT1  |c LIT  |i 047686  |u 20250521 
902 |a https://opac.biblio.iteso.mx/vufind/Record/000228911